Estadísticas para Cadena de Anagramas - Países

Haz click aquí para tomar la prueba!

Estadísticas generales

  • Esta prueba ha sido tomada 3.279 veces
  • La puntuación promedio es 10 de 20

Estadísticas de respuestas

PistaPaís% Correcto
Quita K; Añade NIrán
100%
Quita R; Añade H, CChina
88%
Quita N, I; Añade DChad
84%
Quita D, C; Añade N, A, GGhana
83%
Quita H; Añade Y, UGuyana
79%
Quita Y, U, G; Añade M, P, APanamá
79%
Quita G; Añade ZZambia
64%
Quita N, A, P; Añade B, G, IGambia
61%
Quita A, UMalí
44%
Quita M; Add T, I, AItalia
40%
Quita Z, B; Añade U, LMalaui
39%
Quita T, A; Añade BLibia
39%
Añade R, ELiberia
34%
Quita B, I; Añade G, AArgelia
29%
Quita A, INíger
29%
Quita L, A; Añade I, NNigeria
28%
Quita I, U, S; Añade CCatar
25%
Quita E; Añade C, U, A(x3)Nicaragua
23%
Quita G, C, N; Añade L, T, SAustralia
15%
Quita L, AAustria
14%

Distribución de puntuación

Porcentaje por número respondido

Porcentaje de gente con cada puntuación

Historial de tus puntuaciones

No has tomado esta prueba